书目信息 |
| 题名: |
访南斯拉夫
|
|
| 作者: | ;人民出版社 编 | |
| 分册: | ||
| 出版信息: | 北京 人民出版社 1978 |
|
| 页数: | 109页 | |
| 开本: | 20cm | |
| 丛书名: | ||
| 单 册: | ||
| 中图分类: | D821 | |
| 科图分类: | ||
| 主题词: | 通讯--中国--现代--选集 , 外交--中国 | |
| 电子资源: | ||
| ISBN: | ||
| 000 | 00655nam0 2200241 45 | |
| 001 | 0178004458 | |
| 005 | 20051128145652.35 | |
| 010 | @dCNY0.41 | |
| 091 | @a3001.1691 | |
| 100 | @a19950720d1978 em y0chiy0121 ea | |
| 101 | 0 | @achi |
| 102 | @aCN@b110000 | |
| 105 | @af z 000zy | |
| 200 | 10 | @a访南斯拉夫@Afang nan si la fu@f人民出版社编@Fren min chu ban she bian |
| 210 | @a北京@c人民出版社@d1978 | |
| 215 | @a109页@c照片@d20cm | |
| 606 | @a通讯@y中国@z现代@x选集 | |
| 606 | 0 | @a外交@x中国 |
| 607 | @a南斯拉夫@x概况 | |
| 690 | @aD821 | |
| 711 | 0 | @a人民出版社@Aren min chu ban she@4编 |
| 801 | 0 | @aCN@bNLC@c20051128 |
| 905 | @f1@b9625@dD821@e1 | |
| 访南斯拉夫/人民出版社编.-北京:人民出版社,1978 |
| 109页:照片;20cm |
| ISBN :CNY0.41 |
| ● |
| 相关链接 |
|
|
|
|
正题名:访南斯拉夫
索取号:D821/1
 
预约/预借
| 序号 | 登录号 | 条形码 | 馆藏地/架位号 | 状态 | 备注 |
| 1 | 0009625 | 001025152 | 第一借阅区/ [索取号:D821/1] | 在馆 | |
| 2 | 0009626 | 202152259 | 密集书库/ [索取号:D821/1] | 在馆 |